|
|
|
|
| LEADER |
00000cam a2200000 7i4500 |
| 001 |
0000161663 |
| 005 |
20120404.0 |
| 090 |
0 |
0 |
|a F
|b KIC
|
| 100 |
1 |
|
|a Vaughn, Matthew
|
| 245 |
1 |
0 |
|a Kick-Ass [
|h digital video disc]
|c Matthew Vaighn
|
| 260 |
|
|
|a s.l. :
|b MARV ,
|c 2010
|
| 300 |
|
|
|a 1 digital video disc (112 minutes) :
|b col
|
| 500 |
|
|
|a Library has 2 copies
|
| 520 |
0 |
|
|a For 18 + with elements for mature audiences (violence, horror, sex, politics, religion, counter-culture) (18)
|
| 650 |
0 |
0 |
|a Movies, English
|
| 999 |
|
|
|a AV 29093
|b DIGITAL VIDEO DISC
|c PINJAMAN
|e PERPUSTAKAAN KOMUNITI PETALING JAYA
|
| 999 |
|
|
|a AV 29094
|b DIGITAL VIDEO DISC
|c PINJAMAN
|e PERPUSTAKAAN KOMUNITI PETALING JAYA
|